[Event "Oberliga Bayern 1415"]
[Site "Germany"]
[Date "2014.11.23"]
[Round "3.8"]
[White "Kapfer, Ulrich"]
[Black "Wengler, Joerg"]
[Result "0-1"]
[WhiteElo "1967"]
[BlackElo "2080"]
[PlyCount "74"]
[EventDate "2014.10.19"]
[EventType "team-tourn"]
[EventRounds "9"]
[EventCountry "GER"]
[SourceTitle "EXT 2016"]
[Source "ChessBase"]
[SourceDate "2015.10.08"]
[SourceVersion "1"]
[SourceVersionDate "2015.10.08"]
[SourceQuality "1"]
[WhiteTeam "Dillingen"]
[BlackTeam "Bayern Muenchen II"]
[WhiteTeamCountry "GER"]
[BlackTeamCountry "GER"]

1. d4 f5 2. Nf3 g6 3. Bf4 Bg7 4. c4 Nf6 5. Nc3 d6 6. e3 0-0 7. Be2 c6 8. Qb3 Qb6 9. c5+ Qxb3 10. axb3 dxc5 11. Bc4+ Kh8 12. dxc5 Nbd7 13. b4 Ne4 14. Nxe4 fxe4 15. Ng5 Bxb2 16. Rb1 Bc3+ 17. Ke2 a5 18. Nxe4 Bxb4 19. Bh6 Ne5 20. Bxf8 Nxc4 21. Bxe7 Bf5 22. Bf6+ Kg8 23. f3 Kf7 24. Bd4 Bxe4 25. fxe4 Re8 26. Rhf1+ Kg8 27. Rf4 g5 28. Rg4 h6 29. h4 Ne5 30. Bxe5 Rxe5 31. hxg5 hxg5 32. Kd3 Rxc5 33. Rf1 Kg7 34. Rf5 Rxf5 35. exf5 Kf6 36. e4 Bd6 37. Kc2 Be5 0-1

[Event "Bayern-ch"]
[Site "Westerndorf St Peter"]
[Date "2013.08.26"]
[Round "3.8"]
[White "Kapfer, Ulrich"]
[Black "Schatz, Christian"]
[Result "1-0"]
[WhiteElo "1937"]
[BlackElo "2193"]
[PlyCount "123"]
[EventDate "2013.08.25"]
[EventType "swiss"]
[EventRounds "9"]
[EventCountry "GER"]
[SourceTitle "EXT 2019"]
[Source "ChessBase"]
[SourceDate "2018.10.10"]
[SourceVersion "1"]
[SourceVersionDate "2018.10.10"]
[SourceQuality "1"]

1. d4 g6 2. Nf3 Bg7 3. c4 d6 4. Nc3 Nf6 5. e4 0-0 6. Be3 Nbd7 7. h3 e5 8. Qd2 exd4 9. Nxd4 Re8 10. f3 c6 11. g4 Nb6 12. 0-0-0 d5 13. exd5 cxd5 14. c5 Nc4 15. Bxc4 dxc4 16. Bg5 Qc7 17. Bxf6 Bxf6 18. Nd5 Qd8 19. Nb5 Be6 20. Nbc7 Bxd5 21. Nxe8 Bg5 22. f4 Bxh1 23. Nd6 Bf6 24. Rxh1 c3 25. bxc3 Qa5 26. Nxb7 Qa3+ 27. Qb2 Qa4 28. Nd6 Qxf4+ 29. Kb1 Be5 30. Rd1 Rd8 31. Qb4 Qf3 32. Kc2 Bf4 33. Qb3 Qe2+ 34. Kb1 Qe7 35. Ka1 a5 36. Nb7 Rxd1+ 37. Qxd1 Qxb7 38. Qd8+ Kg7 39. Qd4+ Kg8 40. Qxf4 Qh1+ 41. Kb2 Qg2+ 42. Ka3 Qxh3 43. Qc4 Qg3 44. c6 Qc7 45. g5 Kf8 46. Ka4 Ke7 47. Qc5+ Ke6 48. c4 f5 49. Qd5+ Ke7 50. c5 f4 51. Kb5 Qb8+ 52. Kxa5 Qa7+ 53. Kb5 Qb8+ 54. Kc4 Qb2 55. Qd6+ Ke8 56. a4 f3 57. c7 Qe2+ 58. Kb4 Qe4+ 59. Ka5 Qe1+ 60. Ka6 Qe2+ 61. Ka7 f2 62. c8Q+ 1-0

[Event "Bayern-ch"]
[Site "Westerndorf St Peter"]
[Date "2013.08.25"]
[Round "1.15"]
[White "Kapfer, Ulrich"]
[Black "Jussupow, Nadejda"]
[Result "1-0"]
[WhiteElo "1937"]
[BlackElo "2156"]
[PlyCount "57"]
[EventDate "2013.08.25"]
[EventType "swiss"]
[EventRounds "9"]
[EventCountry "GER"]
[SourceTitle "EXT 2019"]
[Source "ChessBase"]
[SourceDate "2018.10.10"]
[SourceVersion "1"]
[SourceVersionDate "2018.10.10"]
[SourceQuality "1"]

1. d4 d5 2. Nf3 c6 3. e3 Nf6 4. Bd3 Nbd7 5. b3 Qc7 6. Bb2 e6 7. Ne5 Bd6 8. f4 b6 9. Nd2 Bb7 10. Qe2 c5 11. 0-0 Ne4 12. Rac1 0-0 13. Rf3 Ndf6 14. Rh3 h6 15. Ndf3 Rfc8 16. c4 dxc4 17. bxc4 Qe7 18. g4 Nh7 19. Qc2 f5 20. gxf5 exf5 21. d5 b5 22. Nh4 Bxe5 23. Bxe5 bxc4 24. Nxf5 Qd7 25. Bxe4 Nf6 26. Bxf6 gxf6 27. Rxh6 Bxd5 28. Qg2+ Kf8 29. Rh8+ 1-0